000 00550cam a22001217a 4500
008 180718b1979 xxu||||| |||| 00| 0 eng d
082 _aA81x54 In2/71/6/PT10C/RO
100 _aCensus of India 1971
245 _aHaryana district census handbook, Rohtak: district census tables, tables on village directory and primary census abstract data and administrative, welfare and developmental statistics
260 _aChandigarh
_bThe Controller, Printing and Stationery
_c1979
300 _a399+p.
440 _aCensus of India 1971. Series-6, Haryana. Part X-C
999 _c485065
_d485065